| Tag |
First Indicator |
Second Indicator |
Subfields |
| LEADER |
00000cam a2200000 a 4500 |
| 001 |
in00000073873 |
| 005 |
20151211083333.0 |
| 008 |
791108s1979 sz ae b 00110 ger d |
| 020 |
|
|
|a 3764310103
|
| 035 |
|
|
|a (OCoLC)05663784
|
| 035 |
|
|
|9 AAJ1525AM
|
| 040 |
|
|
|a VPI
|c VPI
|d TXA
|d UtOrBLW
|
| 043 |
|
|
|a e-gx---
|
| 049 |
|
|
|a TXAM
|c [1481868]
|
| 090 |
|
|
|a NA1088.W35
|b L36
|
| 100 |
1 |
|
|a Lankheit, Klaus.
|
| 245 |
1 |
0 |
|a Friedrich Weinbrenner und der Denkmalskult um 1800 /
|c Klaus Lankheit.
|
| 264 |
|
1 |
|a Basel :
|b Birkhauser,
|c 1979.
|
| 300 |
|
|
|a 115 pages :
|b illustrations, plans ;
|c 25 cm.
|
| 336 |
|
|
|a text
|b txt
|2 rdacontent
|
| 337 |
|
|
|a unmediated
|b n
|2 rdamedia
|
| 338 |
|
|
|a volume
|b nc
|2 rdacarrier
|
| 490 |
1 |
|
|a Schriftenreihe des Instituts fur Geschichte und Theorie der Architektur an der Eidgenossischen Technischen Hochschule Zurich ;
|v 21
|
| 504 |
|
|
|a Includes bibliographical references and indexes.
|
| 600 |
1 |
0 |
|a Weinbrenner, Friedrich,
|d 1766-1826.
|
| 650 |
|
0 |
|a Monuments
|z Germany
|x History.
|
| 830 |
|
0 |
|a Gta (Series) ;
|v 21.
|
| 999 |
|
|
|a MARS
|
| 999 |
f |
f |
|s 38f254ca-82ee-32b1-b9ab-a00462f9e5ef
|i 3352a866-6ffb-34ea-b912-a49a7af2c198
|t 0
|
| 952 |
f |
f |
|p ric
|a Texas A&M University
|b Rellis Campus
|c Joint Library Facility
|d Remote Storage
|t 0
|e NA1088.W35 L36
|h Library of Congress classification
|i unmediated -- volume
|m A14806167831
|
| 998 |
f |
f |
|a NA1088.W35 L36
|t 0
|l Remote Storage
|